Protection of Plant Biodiversity in the Light of International Law
Rastliny sú neoddeliteľnou súčasťou živého organizmu prírody. Ochrana biodiverzity rastlín je nevyhnutná pre zabezpečenie zdravia ekosystémov. Svet prírody je charakterizovaný cyklickými a navzájom sa dopĺňajúcimi procesmi. Ak je narušená sebaregeneračná schopnosť prírody, dochádza k narušeniu biolo...
Saved in:
| Main Author: | |
|---|---|
| Format: | Book Chapter |
| Language: | English |
| Subjects: | |
| Tags: |
No Tags, Be the first to tag this record!
|
MARC
| LEADER | 00000naa a2200000 4500 | ||
|---|---|---|---|
| 001 | 0291658 | ||
| 005 | 20230320094202.9 | ||
| 041 | 0 | |a eng | |
| 044 | |a SK | ||
| 245 | 1 | 0 | |a Protection of Plant Biodiversity in the Light of International Law |c Samanta Kowalska |
| 520 | |a Rastliny sú neoddeliteľnou súčasťou živého organizmu prírody. Ochrana biodiverzity rastlín je nevyhnutná pre zabezpečenie zdravia ekosystémov. Svet prírody je charakterizovaný cyklickými a navzájom sa dopĺňajúcimi procesmi. Ak je narušená sebaregeneračná schopnosť prírody, dochádza k narušeniu biologickej rovnováhy v ekosystéme a životnom prostredí človeka. Rýchla degradácia prirodzených biotopov núti človeka analyzovať existujúci mechanizmus ochrany rastlín. Tento dokument analyzuje environmentálne predpisy a normy, ktoré môžu byť základom pre reformu programov ochrany. | ||
| 610 | 2 | 0 | |a diverzita biologická |
| 610 | 2 | 0 | |a ochrana prostredia životného |
| 610 | 2 | 0 | |a ochrana rastlín |
| 610 | 2 | 0 | |a právo medzinárodné |
| 610 | 2 | 0 | |a politika ekologická |
| 610 | 2 | 0 | |a bezpečnosť environmentálna |
| 100 | 1 | |a Kowalska, Samanta | |